| 000 | 00793nam a2200253 a 4500 | ||
|---|---|---|---|
| 001 | 000011558 | ||
| 005 | 20240529124642.0 | ||
| 008 | 091020s1997 mx 000 f spa d | ||
| 020 | _a9700508331 | ||
| 040 |
_aDO-SdBNP _bspa _cBNPHU |
||
| 041 | 1 | 7 |
_aspa _hpor _2Código de idioma MARC |
| 082 |
_aB869.42 _bC672q |
||
| 100 | 1 |
_aCoelho, Paulo, _d1947- _913649 |
|
| 240 | 1 | 2 |
_aO monte cinco. _lEspañol |
| 245 | 1 | 3 |
_aLa quinta montaña / _cPaulo Coelho ; traducción de Monserrat Mira. |
| 260 |
_aMéxico : _bGrijalbo, _c1997. |
||
| 300 |
_a226 p. ; _c23 cm. |
||
| 534 |
_pTítulo original en portugués: _tO monte cinco |
||
| 650 | 0 |
_aNovela brasileña _913650 |
|
| 650 | 4 |
_aLiteratura brasileña _ySIGLO XX _94716 |
|
| 700 | 1 |
_aMira, Monserrat, _etr. _927376 |
|
| 910 | _aWM | ||
| 049 | _aBNGR | ||
| 999 |
_c11253 _d11253 |
||